000 01490nam a2200313 a 4500
001 BRCA_3376
005 20190320204242.0
041 _aeng
044 _aenk
084 _a665
_b.G53
_c1901
100 1 _aCervantes Saavedra, Miguel de
_d1547-1616
_9213
245 1 0 _aThe History of the Valorous and Witty Knight-Errant Don Quixote of the Mancha
_cBy Cervantes ; Translated by Thomas Shelton.
260 _aLondres : Filadelfia
_bGibbins and Co. : J. B. Lippincott Co.
_c1901
300 _a4 v.
_bil.
_c19 cm.
500 _aContenido : v.1. Primera parte. Retrato de Cervantes por Kent. Prefacio por J. Huntly MacCarthy. Prólogo del autor. Versos preliminares. -- v.2. Primera parte. Texto. -- v.3. Segunda parte. Prólogo del autor. -- v.4. Segunda parte. Texto
500 _aEdición : Illustrations by Frank Brangwyn
500 _aReproducción exacta de la traducción de Thomas Shelton, publicada por la misma casa editorial, en 1985. Tela Lúdovik Osterc
500 _aQM1050
546 _aTexto en : inglés
650 1 4 _aNovela española
_yÉpoca clásica, 1500-1700
_9215
650 1 4 _aLiteratura española
_yÉpoca clásica, 1500-1700
_9216
650 1 4 _aNovela española
_ySiglo XVII
_9217
650 1 4 _aDon Quijote (Personaje ficticio)
_eNovela
_9218
700 1 _aShelton, Thomas
_d?-1626
_eTraductor
_98885
700 1 _aBrangwyn, Frank William
_d1867-1956
_eIlustrador
_98886
740 0 _aEl Ingenioso Hidalgo Don Quijote de la Mancha
902 _aQFM
942 _2lcc
_cB
999 _c3112
_d3112